Estadísticas para Países con más Usuarios de JetPunk

Haz click aquí para intentar la prueba.

Estadísticas generales

  • Esta prueba ha sido intentada 50 veces
  • La puntuación promedio es 16 de 20

Estadísticas de respuestas

%País% Correcto
1.56España
100%
9.29Francia
98%
23.1Estados Unidos
96%
12.9Reino Unido
96%
2.04Italia
94%
4.18Alemania
92%
3.25Brasil
90%
5.07Canadá
88%
8.81Polonia
80%
1.28India
78%
1.78Países Bajos
78%
1.07Bélgica
76%
0.80Suecia
76%
3.52Australia
74%
0.79Noruega
72%
0.77Irlanda
70%
1.21Finlandia
66%
0.79Suiza
66%
0.72Turquía
62%
1.04Filipinas
36%

Distribución de puntuación

Porcentaje por número respondido

Porcentaje de gente con cada puntuación

Historial de tus puntuaciones

No has intentado esta prueba.